Spieler, die Ricky Evans bei der Darts WM besiegten - Statistiken

Allgemein
  • Dieses Quiz wurde 32 mal gespielt
    3 seit der letzten Aktualisierung
  • Das Durchschnittsergebnis liegt bei 8 aus 11
Antwortstatistiken
Jahr Runde Nationalität Spieler % Korrekt
2026 3. Runde England Charlie Manby
100%
2022 2. Runde Nordirland Daryl Gurney
100%
2024 3. Runde Nordirland Daryl Gurney
100%
2020 3. Runde Niederlande Michael van Gerwen
100%
2021 3. Runde Niederlande Michael van Gerwen
100%
2025 3. Runde Wales Robert Owen
100%
2019 1. Runde Österreich Rowby-John Rodriguez
100%
2023 2. Runde England Joe Cullen
50%
2017 1. Runde England Michael Smith
50%
2016 2. Runde England Jamie Caven
0%
2014 2. Runde England Mervyn King
0%
Keine übereinstimmenden Quizze gefunden
Verteilung der Resultate
Anzahl Personen mit jedem Resultat
Perzentil nach korrekt beantworteten Fragen
Ihre Resultats-Entwicklung
Sie haben dieses Quiz seit der letzten Aktualisierung nicht gespielt